[Event "14th HIT Open"]
[Site "Nova Gorica SLO"]
[Date "2009.01.31"]
[Round "1"]
[White "Buzeti,J"]
[Black "Mazi,L"]
[Result "0-1"]
[WhiteElo "2199"]
[BlackElo "2377"]

1.e4 c5 2.Nf3 d6 3.d4 cxd4 4.Nxd4 Nf6 5.Nc3 a6 6.Be3 e6 7.g4 b5 8.g5 Nfd7
9.a3 Nb6 10.Qe2 N8d7 11.O-O-O Bb7 12.Bg2 Rc8 13.h4 Rxc3 14.bxc3 Nc4 15.Nb3 Qc7
16.h5 Nxa3 17.f4 Be7 18.g6 Nc4 19.gxf7+ Kxf7 20.Bd4 e5 21.fxe5 dxe5 22.Rhf1+ Nf6
23.Be3 Rf8 24.h6 g6 25.Bg5 Kg8 26.Bh3 Bc8 27.Bxc8 Qxc8 28.Bxf6 Bxf6 29.Kb1 Qh3
30.Qd3 Qxh6 31.Qd5+ Kh8 32.Qe6 Bg7 33.Rxf8+ Bxf8 34.Rd8 Qf4 35.Rd7 Qf1+ 36.Nc1 Qf2
37.Rf7 Qc5 38.Nd3 Qa3 39.Rxf8+ Qxf8 40.Nxe5 Nd2+ 41.Kb2 Nxe4 42.Nxg6+ hxg6
43.Qxe4 Qf6 44.Qe8+ Kg7 45.Qd7+ Kh6 46.Qh3+ Kg5 47.Qg3+ Kh5 48.Qh3+ Qh4 49.Qf3+ Qg4
50.Qh1+ Kg5 51.Qd5+ Qf5 52.Qg2+ Kf4 53.Qf2+ Ke4 54.Qg2+ Ke5 55.Qg3+ Kd5 56.Qg2+ Qe4
57.Qg5+ Ke6 58.Qd8 Qc6 59.Qg5 Kd7 60.Qg4+ Kc7 61.Qd4 Qd6 62.Qa7+ Kc8 63.Qa8+ Kd7
64.Qb7+ Ke6 65.Qe4+ Kf6 66.Qh4+ Kg7 67.Qe4 g5 68.Qf5 Qf4 69.Qd7+ Kg6 70.Qe6+ Kh5
71.Qh3+ Qh4 72.Qf5 Qc4 73.Qf7+ Kg4 74.Qe7 a5 75.Qd7+ Kh4 76.Qh7+ Kg3 77.Qh5 Qg4
78.Qh1 Kf2 79.Qd5 Qf4 80.Qc5+ Kg2 81.Qxb5 g4 82.Qd5+ Kf2 83.Qc5+ Kf1 84.Qb5+ Kg1
85.Qc5+ Qf2 86.Qd5 Qb6+ 87.Ka2 g3 88.Qd1+ Kg2 89.Qd5+ Kf2 90.Qf5+ Kg1 91.Qe4 Qf2
92.Kb2 g2 93.Qg4 Qb6+ 94.Ka2 Qh6 95.Qd4+ Kf1 96.Qc4+ Kg1 97.Qd4+ Kh1 98.Qe4 Qg5
99.Kb2 Kh2 100.Qe2 Qf4 101.Ka2 Kg3 102.Qe1+ Kh3 103.Qe6+ Kh4 104.Qe7+ Kg4
105.Qe2+ Qf3 106.Qe6+ Kf4 107.Qd6+ Ke3 108.Qd3+ Kf2 109.Qd2+ Kf1  0-1

[Event "14th HIT Open"]
[Site "Nova Gorica SLO"]
[Date "2009.02.03"]
[Round "5"]
[White "Jeran,B"]
[Black "Saric,A"]
[Result "0-1"]
[WhiteElo "2229"]
[BlackElo "2514"]

1.e4 c5 2.Nf3 d6 3.d4 cxd4 4.Nxd4 Nf6 5.Nc3 a6 6.Be3 e5 7.Nb3 Be6 8.Qd2 Nbd7
9.f3 h5 10.a4 Rc8 11.a5 Qc7 12.Be2 Be7 13.O-O O-O 14.Rfd1 Rfd8 15.Qe1 Qc6
16.Bg5 d5 17.exd5 Nxd5 18.Bxe7 Nxe7 19.Bd3 Qc7 20.Qh4 Nf6 21.Qg5 Ned5 22.Ne4 Nxe4
23.Bxe4 Nf6 24.Bd3 Bxb3 25.cxb3 Rd5 26.Rdc1 Qd8 27.Rxc8 Qxc8 28.Bc4 Qc5+
29.Kh1 Rd7 30.h3 Qd4 31.Re1 Re7 32.Qf5 e4 33.Qc8+ Kh7 34.Qf5+ g6 35.Qf4 Qxb2
36.fxe4 Nxe4 37.Kh2 f5 38.Bd5 Qd4 39.Bxe4 fxe4 40.Re3 Qe5 41.Qxe5 Rxe5 42.Kg3 g5
43.b4 Kg6 44.Re1 Kf5 45.Kf2 Rd5 46.Ke2 Ke5 47.Rf1 Rb5 48.g4 hxg4 49.hxg4 Kd4
50.Rd1+ Kc3 51.Ke3 Rxb4 52.Rd5 Rb5 53.Rf5 Kb4 54.Kxe4 Rxa5 55.Kd4 Rb5  0-1

[Event "TCh-NED 2008-9"]
[Site "Netherlands NED"]
[Date "2009.02.07"]
[Round "5"]
[White "Van Delft,M"]
[Black "Burg,T"]
[Result "1-0"]
[WhiteElo "2399"]
[BlackElo "2359"]

1.e4 c5 2.Nf3 d6 3.d4 cxd4 4.Nxd4 Nf6 5.Nc3 a6 6.Be3 e5 7.Nb3 Be7 8.f3 Be6
9.Qd2 O-O 10.O-O-O a5 11.a4 Na6 12.g4 Nb4 13.Kb1 d5 14.g5 Ne8 15.Nxd5 Bxd5
16.exd5 Nd6 17.c3 Na6 18.f4 e4 19.Nd4 Nc5 20.Qc2 Re8 21.h4 Bf8 22.h5 Qd7
23.Bh3 Qc7 24.g6 Nc4 25.Nb5 Qb8 26.gxf7+ Kxf7 27.Bxc5 Bxc5 28.Be6+ Ke7 29.Qxe4 Nd6
30.Qxh7 Kd8 31.Qxg7 Re7 32.Qe5 Nxb5 33.Qxb8+ Rxb8 34.axb5 Re8 35.h6 Ke7 36.h7 Rh8
37.Bg8 Rd8 38.Rh6 Bd6 39.Re6+ Kf8 40.f5 a4 41.f6 Rd7  1-0

[Event "TCh-HUN 2008-9"]
[Site "Budapest HUN"]
[Date "2009.02.08"]
[Round "7"]
[White "Medvegy,N"]
[Black "Restas,P"]
[Result "1/2-1/2"]
[WhiteElo "2355"]
[BlackElo "2277"]

1.e4 c5 2.Nf3 d6 3.d4 cxd4 4.Nxd4 Nf6 5.Nc3 a6 6.Be3 e5 7.Nf3 Be7 8.Bc4 O-O
9.O-O Be6 10.Qd3 h6 11.Rfd1 Qc7 12.Bb3 Nbd7 13.Nh4 Nc5 14.Bxc5 dxc5 15.Bxe6 fxe6
16.Qh3 Kf7 17.Qg3 Bd6 18.a4 Rad8 19.Rd3 c4 20.Qg6+ Kg8 21.Rg3 Qf7 22.Rd1  1/2-1/2

[Event "ch-CZE Juniors"]
[Site "Decin CZE"]
[Date "2009.02.10"]
[Round "1"]
[White "Bures,J"]
[Black "Oresky,J"]
[Result "1/2-1/2"]
[WhiteElo "2264"]
[BlackElo "2110"]

1.e4 c5 2.Nf3 d6 3.d4 cxd4 4.Nxd4 Nf6 5.Nc3 a6 6.Be3 Ng4 7.Bg5 h6 8.Bh4 g5
9.Bg3 Bg7 10.h3 Ne5 11.f3 Nbc6 12.Bf2 b5 13.a4 b4 14.Nd5 Rb8 15.Nf5 Bxf5
16.exf5 e6 17.fxe6 fxe6 18.f4 Nf7 19.Bxa6 exd5 20.Bb5 Rxb5 21.axb5 Ne7 22.Bd4  1/2-1/2

[Event "ch-CZE Juniors"]
[Site "Decin CZE"]
[Date "2009.02.13"]
[Round "4"]
[White "Oresky,J"]
[Black "Vlasak,Lu"]
[Result "1/2-1/2"]
[WhiteElo "2110"]
[BlackElo "2163"]

1.e4 c5 2.Nf3 d6 3.d4 cxd4 4.Nxd4 Nf6 5.Nc3 a6 6.Be3 e5 7.Nb3 Be6 8.f3 Be7
9.Qd2 O-O 10.O-O-O Nbd7 11.g4 Nb6 12.g5 Nfd7 13.Kb1 Qc7 14.Nd5 Bxd5 15.exd5 a5
16.h4 a4 17.Na1 Rfc8 18.a3 f5 19.gxf6 Bxf6 20.Bg5 Kh8 21.Rg1 Nc4 22.Bxc4 Qxc4
23.Rg4 Qc7 24.Rdg1 Rg8 25.Qd3 Qb6 26.Qf5 Rad8 27.R1g2 e4 28.Bxf6 Nxf6 29.Rxg7 Rxg7
30.Qxf6 Rg8 31.Rxg7 Rxg7 32.Qf8+ Rg8  1/2-1/2

[Event "ch-CZE"]
[Site "Decin CZE"]
[Date "2009.02.13"]
[Round "4"]
[White "Simacek,P"]
[Black "Talla,V"]
[Result "1/2-1/2"]
[WhiteElo "2493"]
[BlackElo "2407"]

1.e4 c5 2.Nf3 d6 3.d4 cxd4 4.Nxd4 Nf6 5.Nc3 a6 6.Be3 e5 7.Nb3 Be7 8.Be2 Be6
9.O-O O-O 10.Qd2 Nbd7 11.a4 Nb6 12.Rfd1 Qc7 13.a5 Nc4 14.Bxc4 Bxc4 15.Nc1 Rac8
16.Nd3 Bxd3 17.Qxd3 Qc4 18.f3 Qxd3 19.Rxd3 Rc6 20.Kf1 Rfc8 21.Ke2 Kf8 22.Kd1 Ke8
23.Rd2 h6 24.Na4 Nd7 25.b3 Bg5 26.Bxg5 hxg5 27.h3 Ke7 28.Nb2 g6 29.Ra4 Ke6
30.Rb4 R8c7 31.Nc4 f5 32.Ne3 Nf6 33.Nd5 Rd7 34.Ke2 Rc5 35.Nb6 Rdc7 36.Nc4 R5c6
37.Ne3 Rd7 38.Nd5 Rc5 39.Nb6  1/2-1/2

[Event "ch-CZE"]
[Site "Decin CZE"]
[Date "2009.02.19"]
[Round "10"]
[White "Talla,V"]
[Black "Plat,V"]
[Result "1-0"]
[WhiteElo "2407"]
[BlackElo "2410"]

1.e4 c5 2.Nf3 d6 3.d4 cxd4 4.Nxd4 Nf6 5.Nc3 a6 6.Be3 e5 7.Nb3 Be6 8.Qd2 Be7
9.O-O-O Nbd7 10.f4 Ng4 11.g3 Nxe3 12.Qxe3 O-O 13.Kb1 Nf6 14.f5 Bd7 15.Be2 Bc6
16.g4 b5 17.g5 Ne8 18.Rhg1 f6 19.g6 h6 20.Rg4 Qc7 21.Rh4 Rc8 22.Ka1 d5 23.Nxd5 Bxd5
24.Rxd5 Nd6 25.Rxh6 gxh6 26.Qxh6 Bd8 27.Rxd6 Qg7 28.Qxg7+ Kxg7 29.Bd3 Rh8
30.Rxa6 Rxh2 31.a3 Be7 32.Ra7 Kf8 33.Ka2 b4 34.a4 Rg2 35.a5  1-0

[Event "ch-VIE Stage1"]
[Site "Ha Noi VIE"]
[Date "2009.02.19"]
[Round "7"]
[White "Nguyen Van Hai"]
[Black "Nguyen Anh Dung"]
[Result "1-0"]
[WhiteElo "2224"]
[BlackElo "2500"]

1.e4 c5 2.Nf3 d6 3.d4 cxd4 4.Nxd4 Nf6 5.Nc3 a6 6.Be3 e5 7.Nb3 Be6 8.f3 Be7
9.Qd2 O-O 10.O-O-O a5 11.a4 Nc6 12.Qf2 Qb8 13.g4 Rc8 14.Kb1 Nb4 15.g5 Ne8
16.h4 Nc7 17.Bb6 d5 18.Bxc7 Qxc7 19.exd5 Bf5 20.Rd2 Bd6 21.Bb5 Rd8 22.Ne4 Rac8
23.c3 Na6 24.Ka2 Qe7 25.Bxa6 bxa6 26.Nxa5 Qd7 27.Nc6 Rxc6 28.dxc6 Qxc6 29.b3 Bxe4
30.fxe4 Qxc3 31.Rf1 Kh8 32.Rc2 Qb4 33.Qf3 Rb8 34.Rc3 Bc5 35.Rfc1 Qa3+ 36.Kb1 Qxa4
37.Qxf7 Qa3 38.Qd5 Bf8 39.R1c2 Rb5 40.Qf7 Ra5 41.Rb2 Qd6 42.Qf1 Qa3 43.Qf3 Kg8
44.h5 Qa1+ 45.Kc2 Qg1 46.Rc8 Rc5+ 47.Rxc5 Bxc5 48.Qe2 Bd4 49.Rb1 Qxg5 50.Qc4+ Kf8
51.Rf1+ Ke8 52.Qe6+ Qe7 53.Qc8+ Qd8 54.Rf8+  1-0

[Event "2nd Pfalz Open"]
[Site "Neustadt an der Weinstrasse GER"]
[Date "2009.02.19"]
[Round "6"]
[White "Yemelin,V"]
[Black "Bogner,S"]
[Result "0-1"]
[WhiteElo "2578"]
[BlackElo "2467"]

1.e4 c5 2.Nf3 d6 3.d4 cxd4 4.Nxd4 Nf6 5.Nc3 a6 6.Be3 Ng4 7.Bg5 h6 8.Bh4 g5
9.Bg3 Bg7 10.h3 Ne5 11.Nf5 Bxf5 12.exf5 Nbc6 13.Nd5 e6 14.fxe6 fxe6 15.Ne3 Qa5+
16.c3 Nf3+ 17.Qxf3 Bxc3+ 18.Kd1 Qa4+ 19.Nc2 Bxb2 20.Rc1 Rc8 21.Bd3 Rf8 22.Qe4 Qxe4
23.Bxe4 Bxc1 24.Kxc1 Nd4 25.Re1 Kd7 26.Kd2 Nf5 27.Bh2 Nh4 28.Bg3 d5 29.Bd3 Nxg2
30.Rb1 b5 31.Nb4 h5 32.Nxa6 h4 33.Bxb5+ Ke7 34.Be5 Rxf2+ 35.Kd3 Rcc2 36.Rd1 Rxa2
37.Bc3 Rf3+ 38.Kd4 e5+ 39.Kxd5 Rxc3 40.Kxe5 Re3+ 41.Kf5 Rf2+ 42.Kg4 Re4+
43.Kh5 Nf4+ 44.Kh6 Re6+ 45.Kh7 Nxh3 46.Nc7 Rf7+ 47.Kg8 Rg6+ 48.Kh8 Rd6 49.Re1+ Kf6
50.Ne8+ Kg6 51.Kg8 Rff6 52.Re7 Rd8 53.Rg7+ Kf5 54.Bd7+ Kf4 55.Re7 g4 56.Kg7 Ra6
57.Nf6 Rxf6 58.Kxf6 Ng5  0-1

[Event "69th Noteboom Mem GpA"]
[Site "Leiden NED"]
[Date "2009.02.21"]
[Round "4"]
[White "Kuipers,S"]
[Black "Burg,T"]
[Result "0-1"]
[WhiteElo "2317"]
[BlackElo "2389"]

1.e4 c5 2.Nf3 d6 3.d4 cxd4 4.Nxd4 Nf6 5.Nc3 a6 6.Be3 e5 7.Nb3 Be7 8.f3 Be6
9.Qd2 O-O 10.O-O-O a5 11.a4 Na6 12.g4 Nb4 13.Kb1 Rc8 14.g5 Nd7 15.h4 Nb6
16.Qf2 Nxa4 17.Nxa4 Rxc2 18.Qxc2 Nxc2 19.Kxc2 Qc7+ 20.Nc3 b5 21.Bxb5 Rb8
22.Ba4 Rb4 23.Ra1 d5 24.exd5 Bf5+ 25.Kd1 Qc4 26.Ke1 Rxa4 27.Rxa4 Qxb3 28.Rxa5 g6
29.Rh2 Bb4 30.Ra8+ Kg7 31.Rd2 Qc4 32.f4 Bh3 33.Kd1 Bg4+ 34.Kc2 Bf5+ 35.Kd1 Qf1+  0-1

[Event "69th Noteboom Mem GpA"]
[Site "Leiden NED"]
[Date "2009.02.22"]
[Round "5"]
[White "Solodovnichenko,Y"]
[Black "Kleijn,C"]
[Result "1-0"]
[WhiteElo "2571"]
[BlackElo "2314"]

1.e4 c5 2.Nc3 d6 3.Nge2 Nf6 4.d4 cxd4 5.Nxd4 a6 6.Be3 e5 7.Nb3 Be7 8.Qd2 Be6
9.O-O-O O-O 10.f4 Qc7 11.f5 Bc4 12.g4 Nxg4 13.Bxc4 Qxc4 14.Nd5 Nc6 15.Qg2 Nxe3
16.Nxe3 Qa4 17.Rhg1 g6 18.h4 Nb4 19.h5 Rac8 20.hxg6 fxg6 21.fxg6 h6 22.Qh3 Kg7
23.Rdf1 Nd3+ 24.Kb1 Nf4 25.Nf5+ Rxf5 26.Qxf5 Rf8 27.Qg4 Bg5 28.Nc1 Qxe4 29.Qd7+ Kxg6
30.Qxd6+ Rf6 31.Qb8 Rc6 32.Nd3 Rxc2 33.Qd6+ Kh7 34.Qd7+ Kh8 35.Qe8+ Kh7 36.Rxf4 Rc1+
37.Rxc1 Qxd3+ 38.Ka1 Bxf4 39.Qf7+ Kh8 40.Rc8+  1-0

[Event "25th Open"]
[Site "Cappelle la Grande FRA"]
[Date "2009.02.28"]
[Round "1"]
[White "Sokolov,And1"]
[Black "Bijaoui,M"]
[Result "1-0"]
[WhiteElo "2552"]
[BlackElo "2404"]

1.e4 c5 2.Nf3 d6 3.d4 cxd4 4.Nxd4 Nf6 5.Nc3 a6 6.Be3 e6 7.Qd2 b5 8.f3 Nbd7
9.O-O-O Bb7 10.Kb1 Rc8 11.Bd3 Be7 12.h4 b4 13.Nce2 d5 14.exd5 Nxd5 15.Nf4 Nxe3
16.Qxe3 Qb6 17.Rhe1 Bf6 18.Ndxe6 Qxe3 19.Rxe3 fxe6 20.Rxe6+ Kf8 21.Bf5 Rc4
22.Rxd7 Rxf4 23.Rxb7 Rxf5 24.Rb8+ Kf7 25.Rxf6+ Rxf6 26.Rxh8 Rh6 27.c3 bxc3
28.bxc3 Rxh4 29.Rd8 Rh2 30.Rd2 Ke6 31.Kc2 h5 32.c4 h4 33.Kc3 h3 34.gxh3 Rxh3
35.Rd3 Rh5 36.Kb4 a5+ 37.Kc3 Rh2 38.a3 Rh3 39.c5 Rh1 40.Kc4 Rc1+ 41.Kb5  1-0

[Event "25th Open"]
[Site "Cappelle la Grande FRA"]
[Date "2009.03.04"]
[Round "6"]
[White "Haast,A"]
[Black "Chulivska,V"]
[Result "0-1"]
[WhiteElo "2077"]
[BlackElo "2335"]

1.e4 c5 2.Nf3 d6 3.d4 cxd4 4.Nxd4 Nf6 5.Nc3 a6 6.Be3 e6 7.g4 e5 8.Nf5 g6
9.g5 gxf5 10.exf5 Ng8 11.Nd5 Bxf5 12.Bb6 Qc8 13.Nc7+ Ke7 14.Qd2 Nc6 15.O-O-O Kd7
16.h4 Qxc7 17.Bxc7 Kxc7 18.Bg2 Rc8 19.Bxc6 Kxc6 20.Qa5 Ne7 21.Rxd6+ Kxd6
22.Rd1+ Ke6 23.Qb6+ Nc6 24.Qxb7 Bd6  0-1

[Event "25th Open"]
[Site "Cappelle la Grande FRA"]
[Date "2009.03.05"]
[Round "7"]
[White "David,Alb"]
[Black "Pruess,D"]
[Result "0-1"]
[WhiteElo "2602"]
[BlackElo "2422"]

1.e4 c5 2.Nf3 d6 3.d4 cxd4 4.Nxd4 Nf6 5.Nc3 a6 6.Be3 e5 7.Nf3 Qc7 8.Bg5 Nbd7
9.a4 h6 10.Bh4 b6 11.Nd2 Bb7 12.Qf3 Be7 13.Nc4 O-O 14.Ne3 d5 15.Ncxd5 Bxd5
16.exd5 Bb4+ 17.Kd1 e4 18.Qh3 b5 19.g4 Rac8 20.c3 Nxd5 21.Nxd5 Qd6 22.Ke1 Qxd5
23.Bg2 Ne5 24.cxb4 Nf3+ 25.Bxf3 exf3 26.Kf1 Rc2 27.Kg1 Rfc8 28.Qf1 Qd2 29.h3 Rc1
30.Kh2 Rxf1 31.Rhxf1 Qxb4 32.axb5 axb5  0-1

[Event "75th Ann Karaganda City"]
[Site "Karaganda KAZ"]
[Date "2009.03.06"]
[Round "8"]
[White "Novoshitskiy,Y"]
[Black "Kokarev,Dm"]
[Result "0-1"]
[WhiteElo "2350"]
[BlackElo "2597"]

1.e4 c5 2.Nf3 d6 3.d4 cxd4 4.Nxd4 Nf6 5.Nc3 a6 6.Be3 e5 7.Nb3 Be6 8.f3 Nbd7
9.Qd2 Be7 10.O-O-O b5 11.g4 h6 12.Nd5 Bxd5 13.exd5 Nb6 14.Bxb6 Qxb6 15.h4 b4
16.Be2 a5 17.Qd3 O-O 18.Nd2 a4 19.Kb1 Rfc8 20.f4 e4 21.Nxe4 b3 22.Nc3 bxc2+
23.Qxc2 Rab8 24.Qd2 Rxc3 25.Qxc3 Ne4 26.Qd4 Bf6 27.Qxb6 Rxb6 28.Bc4 Rxb2+
29.Kc1 Rg2 30.Rh3 Rxg4 31.Re1 Nc5 32.h5 Rxf4 33.Re8+ Kh7 34.Be2 Be5 35.Rf3 Rxf3
36.Bxf3 g5 37.Ra8 f5 38.Ra7+ Kg8 39.Bd1 g4 40.Kd2 Bd4 41.Rc7 a3 42.Ke1 Nd3+
43.Kf1 Ne5 44.Bc2 f4 45.Bh7+ Kf8 46.Be4 f3 47.Rh7 Nf7 48.Bg6 Ng5  0-1

[Event "TCh-NED 2008-9"]
[Site "Netherlands NED"]
[Date "2009.03.07"]
[Round "6"]
[White "Willemze,T"]
[Black "Spoelman,W"]
[Result "0-1"]
[WhiteElo "2398"]
[BlackElo "2448"]

1.e4 c5 2.Nf3 d6 3.d4 cxd4 4.Nxd4 Nf6 5.Nc3 a6 6.Be3 e5 7.Nb3 Be7 8.Qd2 O-O
9.O-O-O Ng4 10.Nd5 Nxe3 11.fxe3 Nc6 12.a4 Bg5 13.g3 b5 14.h4 Bh6 15.a5 Be6
16.Kb1 Nd4 17.Nxd4 exd4 18.Qxd4 Re8 19.Nb6 Bg4 20.Rd2 Rb8 21.Bh3 Bf3 22.Rf1 Bxe4
23.Nd5 Re5 24.Qa7 Qe8 25.Bd7 Qd8 26.Bc6 f5 27.g4 fxg4 28.Rdf2 Bf3 29.Rxf3 gxf3
30.Rxf3 Kh8 31.Qxa6 Qxh4 32.Qb7 Qe1+ 33.Ka2 Qxa5+ 34.Kb3 Rg8 35.Nc3 Rxe3
36.Rxe3 Bxe3 37.Bd5 Rd8 38.Qe7 Bd4 39.Bc6 Bxc3 40.bxc3 Rc8  0-1

[Event "TCh-NED 2008-9"]
[Site "Netherlands NED"]
[Date "2009.03.07"]
[Round "6"]
[White "Kuipers,S"]
[Black "Rietman,F"]
[Result "1/2-1/2"]
[WhiteElo "2321"]
[BlackElo "2252"]

1.e4 c5 2.Nf3 d6 3.d4 cxd4 4.Nxd4 Nf6 5.Nc3 a6 6.Be3 e5 7.Nb3 Be6 8.f3 Nbd7
9.g4 b5 10.g5 b4 11.Nd5 Nxd5 12.exd5 Bf5 13.Bd3 Bxd3 14.Qxd3 g6 15.Nd2 h6
16.Ne4 hxg5 17.Bxg5 Qc7 18.a3 bxa3 19.Rxa3 Be7 20.Rc3 Qa5 21.Bxe7 Kxe7 22.O-O Rac8
23.Rc6 Rxc6 24.dxc6 Qb6+ 25.Rf2 Qxc6 26.Rd2 d5 27.Qxd5 Qxd5 28.Rxd5 Rc8 29.c3 f5
30.Nf2 Rc5 31.Rxc5 Nxc5 32.Kf1 Kd6 33.Ke2 Kd5 34.Nd3 Na4 35.h4 a5 36.Ke3 Nb6
37.b3 f4+ 38.Kf2 Nd7 39.Ke2 Nf8 40.Nf2 Ne6 41.Ne4 Ng7 42.Nd2 Nf5 43.Nc4 Nxh4
44.Nxa5 e4 45.fxe4+ Kxe4 46.b4 Nf5 47.b5 Nd6 48.b6 f3+ 49.Kf2 Kd3 50.c4 Kd4
51.Kxf3 Kc5 52.b7 Nxb7 53.Nxb7+ Kxc4 54.Kf4 g5+ 55.Kxg5  1/2-1/2

[Event "FSIMB March"]
[Site "Budapest HUN"]
[Date "2009.03.12"]
[Round "6"]
[White "Szalanczy,E"]
[Black "Kislik,E"]
[Result "1/2-1/2"]
[WhiteElo "2336"]
[BlackElo "2310"]

1.e4 c5 2.Nf3 d6 3.d4 cxd4 4.Nxd4 Nf6 5.Nc3 a6 6.Be3 e5 7.Nb3 Be7 8.f3 Be6
9.Qd2 h5 10.O-O-O Nbd7 11.Kb1 b5 12.Be2 Rc8 13.Rc1 Nb6 14.Bxb6 Qxb6 15.Nd5 Nxd5
16.exd5 Bf5 17.Na5 Bf6 18.Nc6 Bd7 19.Bd3 Bxc6 20.dxc6 d5 21.Be4 Qxc6 22.Bxd5 Qc5
23.g4 Rd8 24.Rcd1 O-O 25.Rhg1 hxg4 26.fxg4 g6 27.g5 Bg7 28.Qg2 Rd7 29.Rgf1 Qe7
30.Be4 Rfd8 31.Rxd7 Qxd7 32.Qf3 Qe6 33.a3 Bf8 34.h4 Be7 35.h5 Rd4 36.hxg6 fxg6
37.c3 Rd2 38.Bc2 e4 39.Qxe4 Qxe4 40.Bxe4 Rd6 41.Bc2 Bxg5 42.Rg1 Be3 43.Rg3 Bf4
44.Rxg6+ Rxg6 45.Bxg6 Kf8 46.Bd3 Ke7 47.a4 bxa4 48.Bxa6 Be5 49.Kc2 Bd6 50.Bb5 a3
51.b4 a2 52.Kb2 Be5  1/2-1/2

[Event "FSIMA March"]
[Site "Budapest HUN"]
[Date "2009.03.14"]
[Round "8"]
[White "Tesik,C"]
[Black "Jones,Ri"]
[Result "0-1"]
[WhiteElo "2145"]
[BlackElo "2075"]

1.e4 c5 2.Nf3 d6 3.d4 cxd4 4.Nxd4 Nf6 5.Nc3 a6 6.Be3 e6 7.f4 b5 8.Qf3 Bb7
9.Bd3 Nbd7 10.g4 b4 11.Nd1 e5 12.Nb3 d5 13.Nf2 Be7 14.O-O-O O-O 15.f5 Qc7
16.g5 dxe4 17.Nxe4 Nxe4 18.Bxe4 Rfc8 19.Rd2 Bxe4 20.Qxe4 a5 21.Kb1 a4 22.Nc1 a3
23.Rhd1 axb2 24.Rxd7 bxc1=Q+ 25.Bxc1 Qa5 26.Qd5 b3 27.Qxb3 Rcb8  0-1

[Event "Kaissa Women"]
[Site "Kharkiv UKR"]
[Date "2009.03.16"]
[Round "5"]
[White "Breslavska,G"]
[Black "Petrenko,S"]
[Result "1-0"]
[WhiteElo "2202"]
[BlackElo "2251"]

1.e4 c5 2.Nf3 d6 3.d4 cxd4 4.Nxd4 Nf6 5.Nc3 a6 6.Be3 Ng4 7.Bc1 g6 8.f3 Ne5
9.f4 Nec6 10.Be3 Bg7 11.Qd2 O-O 12.Nb3 b5 13.O-O-O Be6 14.h4 Na5 15.h5 Nxb3+
16.cxb3 Qa5 17.Kb1 Nc6 18.hxg6 fxg6 19.f5 gxf5 20.Bh6 Rf6 21.Bxg7 Kxg7 22.Qg5+ Rg6
23.Qh5 Rh8 24.exf5 b4 25.Nb5 Bxf5+ 26.Qxf5 axb5 27.Bd3 Ne5 28.Be4 h6 29.Rdf1 Qd8
30.Qh3 Rg5 31.Qe6 Qe8 32.Rh3 h5 33.Rh4 Rh6 34.Qh3 Ng4 35.Qg3 Rf6 36.Rfh1 Qf7
37.Bd3 Qd5 38.Rxh5 Rxh5 39.Qxg4+ Qg5 40.Qxh5 Qxh5 41.Rxh5 e5 42.Rf5 Rg6 43.Rf2 Rg3
44.Bxb5 d5 45.Bc6 d4 46.Kc2 Re3 47.a4 bxa3 48.bxa3 Rc3+ 49.Kd1 Rxc6 50.a4 Rc3
51.Rb2 Kf7 52.a5 Ke6 53.a6 Rc6 54.Ra2 Rc8 55.a7 Ra8 56.g4 Kd6 57.g5 Kc6 58.g6 e4
59.g7 Kb7 60.Ra4 e3 61.Rb4+  1-0

[Event "TCh-AUT 1st Bundesliga 2008-9"]
[Site "Ansfelden AUT"]
[Date "2009.03.19"]
[Round "8"]
[White "Baramidze,D"]
[Black "Knoll,H"]
[Result "0-1"]
[WhiteElo "2548"]
[BlackElo "2371"]

1.e4 c5 2.Nf3 d6 3.d4 cxd4 4.Nxd4 Nf6 5.Nc3 a6 6.Be3 e6 7.g4 h6 8.Bg2 Nbd7
9.Qe2 Ne5 10.h3 g5 11.O-O-O b5 12.f4 gxf4 13.Bxf4 Nfd7 14.Qf2 Bb7 15.Kb1 Rc8
16.Nce2 Qb6 17.Rhf1 Be7 18.Ng3 Rh7 19.Nh5 Rc4 20.b3 Rc3 21.Qd2 b4 22.Bxh6 Nc5
23.Bg5 Bxe4 24.Bxe7 Rxh5 25.gxh5 Kxe7 26.Qg5+ Kd7 27.Rfe1 Bxg2 28.Qxg2 Ncd3
29.Re4 d5 30.Rh4 Qd8 31.Nf5 Qf6 32.h6 Nf3 33.cxd3 Nxh4 34.Nxh4 Qxh4 35.Rf1 Qxh6
36.Rxf7+ Kc6 37.Rf1 Qe3 38.Rd1 Rxd3 39.Rxd3 Qxd3+ 40.Kc1 Qc3+ 41.Kb1 Kd6
42.Qf1 Ke5 43.Qe2+ Kf6 44.h4 Qe5 45.Qxa6 Qe1+ 46.Kb2 Qf2+ 47.Kc1 Qxh4 48.Qd6 Qe1+
49.Kc2 Kf5 50.Qf8+ Ke4 51.Qg8 Qe2+ 52.Kb1 Kd3 53.Qg1 Qc2+ 54.Ka1 Qd2 55.Kb1 e5
56.Qf1+ Kc3  0-1

[Event "25th Spring Festival"]
[Site "Budapest HUN"]
[Date "2009.03.20"]
[Round "1"]
[White "To,N"]
[Black "Bertok,B"]
[Result "1-0"]
[WhiteElo "2356"]
[BlackElo "1999"]

1.e4 c5 2.Nf3 d6 3.d4 cxd4 4.Nxd4 Nf6 5.Nc3 a6 6.Be3 e5 7.Nb3 Be7 8.f3 Be6
9.Qd2 Nc6 10.O-O-O Rc8 11.Nd5 Bxd5 12.exd5 Nb8 13.g4 Qc7 14.Kb1 h6 15.h4 Nbd7
16.Bh3 Nb6 17.Bxb6 Qxb6 18.g5 Nd7 19.Bxd7+ Kxd7 20.f4 Rc4 21.fxe5 dxe5 22.d6 Bxd6
23.Qd5 Qc7 24.gxh6 Rxh6 25.Qxf7+ Kd8 26.Qg8+  1-0

[Event "Open A"]
[Site "Zagreb CRO"]
[Date "2009.03.21"]
[Round "1"]
[White "Plenkovic,Z"]
[Black "Saric,A"]
[Result "1-0"]
[WhiteElo "2354"]
[BlackElo "2514"]

1.e4 c5 2.Nf3 d6 3.d4 cxd4 4.Nxd4 Nf6 5.Nc3 a6 6.Be3 e5 7.Nb3 Be6 8.Qd2 Nbd7
9.f3 h5 10.Nd5 Bxd5 11.exd5 Qc7 12.O-O-O b5 13.Kb1 Nb6 14.c4 bxc4 15.Bxb6 Qxb6
16.Na5 g6 17.Nxc4 Qc5 18.Qa5 Qxa5 19.Nxa5 Bh6 20.Bc4 Nd7 21.Kc2 Nb6 22.b4 Kd7
23.Kb3 f5 24.Rhe1 h4 25.a4 Bf4 26.h3 Rh5 27.Re2 Rg5 28.Nc6 Kc7 29.a5 Nd7
30.Rd3 Nb8 31.Rc3 Nxc6 32.Bd3 e4 33.Rxc6+ Kd7 34.Bxa6 exf3 35.gxf3 Rg3 36.Bb5 Rxf3+
37.Rc3+  1-0

[Event "25th Spring Festival"]
[Site "Budapest HUN"]
[Date "2009.03.22"]
[Round "3"]
[White "Horvath,Zo3"]
[Black "Izso,I"]
[Result "1-0"]
[WhiteElo "1428"]
[BlackElo "1846"]

1.e4 c5 2.Nf3 d6 3.d4 cxd4 4.Nxd4 Nf6 5.Nc3 a6 6.Be3 g6 7.Be2 Bg7 8.Qd2 h5
9.f4 e5 10.Nf3 Ng4 11.fxe5 Nxe3 12.Qxe3 dxe5 13.Rd1 Qa5 14.Rd5 Qc7 15.O-O Be6
16.Rc5 Nc6 17.Nd5 Qd8 18.Rd1 Bxd5 19.Rcxd5 Qe7 20.Qb6 Rd8 21.Bxa6 Rxd5 22.Rxd5 Nb4
23.Bb5+  1-0

[Event "Victor Ciocaltea Mem"]
[Site "Bucharest ROM"]
[Date "2009.03.23"]
[Round "1"]
[White "Burnoiu,N1"]
[Black "Szabo,G ROM"]
[Result "0-1"]
[WhiteElo "2453"]
[BlackElo "2506"]

1.e4 c5 2.Nf3 d6 3.d4 cxd4 4.Nxd4 Nf6 5.Nc3 a6 6.Be3 e5 7.Nb3 Be6 8.Qd2 Be7
9.f3 O-O 10.O-O-O a5 11.a4 Na6 12.g4 Nb4 13.g5 Nh5 14.Bb5 f6 15.gxf6 Nxf6
16.Rhg1 Rf7 17.Kb1 Rc8 18.Qe2 Qf8 19.Nxa5 d5 20.exd5 Bf5 21.Rc1 Rxc3 22.bxc3 Nfxd5
23.Bd2 Nc6 24.Nb3 Bf6 25.Qc4 Be6 26.Nc5 Na5 27.Nxe6 Nxc4 28.Nxf8 Nxd2+ 29.Kb2 e4
30.Ne6 Nxc3 31.fxe4 Nxb5+ 32.c3 Nxc3 33.Kc2 Ndxe4 34.Rce1 Rd7 35.Rg4 Rd2+
36.Kb3 h5 37.Rgxe4 Nxe4 38.Rxe4 Rxh2 39.Nc5 h4 40.Kc4 Rc2+ 41.Kd5 h3 42.Re8+ Kf7
43.Rh8 h2  0-1

[Event "25th Spring Festival"]
[Site "Budapest HUN"]
[Date "2009.03.23"]
[Round "4"]
[White "Kaszas,S"]
[Black "Monir,A"]
[Result "0-1"]
[WhiteElo "2050"]
[BlackElo "2150"]

1.e4 c5 2.Nf3 d6 3.d4 cxd4 4.Nxd4 Nf6 5.Nc3 a6 6.Be3 e6 7.Qd2 b5 8.f3 Be7
9.O-O-O Bb7 10.g4 O-O 11.h4 Nbd7 12.h5 Ne5 13.g5 Ne8 14.f4 Ng4 15.g6 Nxe3
16.gxh7+ Kxh7 17.Qxe3 e5 18.Nf3 f6 19.f5 Rh8 20.h6 Kg8 21.Be2 Rxh6 22.Rxh6 gxh6
23.Qxh6 Bf8 24.Qg6+ Bg7 25.Nh4 Rc8 26.Bh5 Qc7 27.Qg2 Qc5 28.Qd2 b4 29.Nd5 Bh6
30.Ne7+ Kg7 31.Nxc8 Bxd2+ 32.Rxd2 Qxc8 33.Rg2+ Kh6 34.Bf7 Bxe4 35.Rg6+ Kh7
36.Bg8+ Kh8 37.Bb3 d5  0-1

[Event "Victor Ciocaltea Mem"]
[Site "Bucharest ROM"]
[Date "2009.03.25"]
[Round "3"]
[White "Lupulescu,C"]
[Black "Burnoiu,N1"]
[Result "1-0"]
[WhiteElo "2608"]
[BlackElo "2453"]

1.e4 c5 2.Nf3 d6 3.d4 cxd4 4.Nxd4 Nf6 5.Nc3 a6 6.Be3 e5 7.Nde2 Nc6 8.g3 h5
9.h3 Be6 10.Bg2 Rc8 11.f4 g6 12.O-O Bh6 13.Qd2 h4 14.Nd5 Bxd5 15.exd5 Na5
16.b3 Nd7 17.c4 b6 18.g4 exf4 19.Bxf4 Bxf4 20.Qxf4 Ne5 21.Nd4 Rc7 22.Rad1 O-O
23.g5 Kg7 24.Qxh4 Rh8 25.Qf4 Kg8 26.Nc6 Naxc6 27.dxc6 Qe7 28.Qf6 Nxc6 29.Rxd6 Qe3+
30.Qf2  1-0

[Event "Open B"]
[Site "Zagreb CRO"]
[Date "2009.03.27"]
[Round "7"]
[White "Jelecevic,I"]
[Black "Blagojevic,M"]
[Result "1-0"]
[WhiteElo "2147"]
[BlackElo "2059"]

1.e4 c5 2.Nf3 d6 3.d4 cxd4 4.Nxd4 a6 5.Be3 Nf6 6.Nc3 e5 7.Nf3 Qc7 8.Bg5 Be6
9.Qd2 Nbd7 10.Bd3 Be7 11.h3 Rc8 12.O-O Nb6 13.Rad1 O-O 14.Rfe1 Rfd8 15.Qc1 Nc4
16.b3 Na5 17.Ne2 b5 18.Ng3 Nc6 19.Qb2 Nb4 20.Rc1 Nxd3 21.cxd3 Qb7 22.d4 exd4
23.Nxd4 h6 24.Bf4 Ne8 25.Nxe6 fxe6 26.Qe2 Rxc1 27.Bxc1 Bf6 28.Qg4 Kf7 29.Nh5 Rc8
30.f4 Bd4+ 31.Kh1 g6 32.Ng3 Nf6 33.Qe2 Qc6 34.e5 dxe5 35.fxe5 Nd5 36.Bxh6 Qc2
37.Qf3+ Ke7 38.Bg5+ Ke8 39.Rf1  1-0

[Event "Open A"]
[Site "Zagreb CRO"]
[Date "2009.03.27"]
[Round "7"]
[White "Jurkovic,A"]
[Black "Bender,I"]
[Result "1/2-1/2"]
[WhiteElo "2339"]
[BlackElo "2277"]

1.e4 c5 2.Nf3 d6 3.d4 cxd4 4.Nxd4 Nf6 5.Nc3 a6 6.Be3 e5 7.Nde2 Ng4 8.Nd5 Nxe3
9.Nxe3 Nd7 10.Nc3 Nf6 11.Bc4 Be6 12.Bb3 Rc8 13.Qd3 Be7 14.O-O-O b5 15.Kb1 Qb6
16.f3 Rc5 17.g4 O-O 18.g5 Ne8 19.Ncd5 Qa7 20.h4 a5 21.Nf5 Bxf5 22.exf5 a4
23.f6 Bd8 24.Ne7+ Bxe7 25.fxe7 Qxe7 26.Bd5 g6 27.Be4 h5 28.gxh6 f5 29.Bd5+ Kh7
30.a3 Nf6 31.Ba2 d5 32.Qe3 f4 33.Qd2 d4 34.Qd3 Nh5 35.Rhe1 Qxh4 36.Rc1 Kxh6
37.Rh1 Qf6 38.Qd2 Qf5 39.Ka1 Rfc8 40.Bb1 Qf6 41.Rcg1 e4 42.fxe4 Rg5 43.Re1 Qe5
44.Ba2 Kg7 45.c3 Rd8 46.cxd4 Qxd4 47.Qh2 Rg3 48.Kb1 Re3 49.Bd5 Rxe1+ 50.Rxe1 Qd3+
51.Ka2 Rc8 52.Qh4 Qg3 53.Qe7+ Kh6 54.Rd1 Qf3 55.Rg1 Ng3 56.Qh4+ Kg7 57.Qe7+ Kh6
58.Qh4+ Kg7  1/2-1/2